Statistics for NFL Super Bowl Losing Quarterbacks

Click here to take the quiz!

General Stats

  • This quiz has been taken 14 times
  • The average score is 43 of 58

Answer Stats

Super BowlSeasonLoserQuarterback% Correct
XLV2010Pittsburgh SteelersBen Roethlisberger
100%
LVIII2023San Francisco 49ersBrock Purdy
100%
502015Carolina PanthersCam Newton
100%
LVII2022Philadelphia EaglesJalen Hurts
100%
LIII2018Los Angeles RamsJared Goff
100%
LIV2019San Francisco 49ersJimmy Garoppolo
100%
XXXVI2001St. Louis RamsKurt Warner
100%
LI2016Atlanta FalconsMatt Ryan
100%
LV2020Kansas City ChiefsPatrick Mahomes
100%
XLIV2009Indianapolis ColtsPeyton Manning
100%
XLVIII2013Denver BroncosPeyton Manning
100%
XLIX2014Seattle SeahawksRussell Wilson
100%
XLII2007New England PatriotsTom Brady
100%
LII2017New England PatriotsTom Brady
100%
XLVI2011New England PatriotsTom Brady
100%
XXXII1997Green Bay PackersBrett Favre
92%
XLVII2012San Francisco 49ersColin Kaepernick
92%
XIX1984Miami DolphinsDan Marino
92%
LVI2021Cincinnati BengalsJoe Burrow
92%
XXIV1989Denver BroncosJohn Elway
92%
XXII1987Denver BroncosJohn Elway
92%
XXI1986Denver BroncosJohn Elway
92%
XXV1990Buffalo BillsJim Kelly
83%
XXVI1991Buffalo BillsJim Kelly
83%
XXVII1992Buffalo BillsJim Kelly
83%
XXVIII1993Buffalo BillsJim Kelly
83%
XLIII2008Arizona CardinalsKurt Warner
83%
XXIII1988Cincinnati BengalsBoomer Esiason
75%
XXXI1996New England PatriotsDrew Bledsoe
75%
XI1976Minnesota VikingsFran Tarkenton
75%
XIII1978Dallas CowboysRoger Staubach
75%
VI1971Miami DolphinsBob Griese
67%
XXXIX2004Philadelphia EaglesDonovan McNabb
67%
IX1974Minnesota VikingsFran Tarkenton
67%
VIII1973Minnesota VikingsFran Tarkenton
67%
XXXV2000New York GiantsKerry Collins
67%
I1966Kansas City ChiefsLen Dawson
67%
XL2005Seattle SeahawksMatt Hasselbeck
67%
X1975Dallas CowboysRoger Staubach
67%
XXXIV1999Tennessee TitansSteve McNair
67%
XXXIII1998Atlanta FalconsChris Chandler
58%
V1970Dallas CowboysCraig Morton
58%
XII1977Denver BroncosCraig Morton
58%
XXXVIII2003Carolina PanthersJake Delhomme
58%
XVIII1983Washington RedskinsJoe Theismann
58%
XVI1981Cincinnati BengalsKen Anderson
58%
XXX1995Pittsburgh SteelersNeil O'Donnell
58%
XXXVII2002Oakland RaidersRich Gannon
58%
XV1980Philadelphia EaglesRon Jaworski
58%
II1967Oakland RaidersDaryle Lamonica
50%
XLI2006Chicago BearsRex Grossman
50%
XXIX1994San Diego ChargersStan Humphries
50%
III1968Baltimore ColtsEarl Morrall
42%
XX1985New England PatriotsTony Eason
42%
XIV1979Los Angeles RamsVince Ferragamo
42%
XVII1982Miami DolphinsDavid Woodley
33%
IV1969Minnesota VikingsJoe Kapp
33%
VII1972Washington RedskinsBilly Kilmer
17%

Score Distribution

Percentile by Number Answered

Percent of People with Each Score

Your Score History

You have not taken this quiz